[Event "Spring Chess Classic 2017-B"]
[Site "Saint Louis"]
[Date "2017.05.24"]
[Round "9"]
[White "Lenderman, Alex"]
[Black "Chirila, Ioan-Cristian"]
[Result "1-0"]
[WhiteElo "2587"]
[BlackElo "2536"]
[Annotator "TA"]
[PlyCount "103"]
[EventDate "2017.??.??"]
[EventType "tourn"]
[EventCountry "USA"]
[SourceTitle "playchess.com"]
[Source "ChessBase"]
[SourceQuality "1"]

{[%evp 17,103,22,22,21,19,19,22,22,20,25,61,63,58,63,75,58,59,43,56,51,54,38,43,43,45,42,41,38,44,44,54,30,72,73,87,86,106,95,134,134,141,141,132,148,184,183,181,170,179,179,163,155,179,134,195,206,345,345,376,376,425,418,396,386,381,365,938,883,805,765,1709,1562,12829,12829,12840,12834,12843,12843,12845,12845,12846,12846,12848,12847,12847,12848,12848,12849]} 1. d4 Nf6 2. c4 e6 3. Nc3 Bb4 4. Qc2 O-O 5. Nf3 d6 6. g3 e5 7. Bg2 Nc6 8. dxe5 {E32: Nimzo-Indian: Classical (4 Qc2): 4...0-0} (8. d5 Ne7 9. O-O a6 10. a3 Bc5 11. Bg5 Ne8 12. b4 Ba7 13. e4 h6 14. Be3 f5 15. Bxa7 Rxa7 16. exf5 Bxf5 {½-½ (51) Nisipeanu,L (2674)-Ponomariov,R (2706) Dortmund 2016}) 8... dxe5 9. O-O Bxc3 {LiveBook: 5 Games} 10. Qxc3 {The position is equal.} Qe7 11. Bg5 Re8 12. Rfd1 Bg4 13. h3 $146 ({Predecessor:} 13. Rd2 h6 14. Bxf6 Qxf6 15. Rad1 Nd4 16. Nxd4 exd4 17. Qxd4 Qxd4 18. Rxd4 Bxe2 19. Bxb7 {½-½ (32) Bolbochan,J-Stahlberg,G Mar del Plata 1943}) 13... Bh5 14. g4 Bg6 15. Nh4 Nd4 16. Rd2 c6 17. e3 Ne6 18. Nxg6 hxg6 19. Qxe5 Qb4 20. Rad1 Nxg5 21. Qxg5 Qxc4 22. b3 $36 {[%mdl 2048] White is pushing.} Qb4 23. Rd4 Qa3 24. R1d2 Qe7 25. Qa5 c5 26. Rd6 b6 27. Qa4 Rad8 28. Rxd8 Rxd8 29. Rxd8+ Qxd8 30. Qxa7 Qd1+ {[#]} 31. Bf1 $1 Nd7 32. Qb7 Kh7 33. Kg2 Ne5 34. Qe4 ({Not} 34. Qxb6 Qd5+ 35. Kh2 Nf3+ 36. Kh1 (36. Kg2 Ne5+ 37. Kh2 Nf3+ 38. Kh1 Ne1+ 39. Kh2 Nf3+ $11) 36... Ne1+ 37. Kh2 Nf3+ 38. Kh1 (38. Kg2 Ne5+ 39. Kh2 Nf3+ $11) 38... Ne1+ 39. Kh2 Nf3+ $11) 34... Qd6 35. a4 Kh8 (35... f6 $16 {was worth a try.} 36. f4 Qd2+ 37. Kg1 Nf7) 36. h4 $18 f6 {[#]} (36... Kh7 $142 37. Be2 Kg8) 37. Bc4 $1 {White threatens Qa8+ and mate.} Nxc4 38. bxc4 {[%mdl 4096] Endgame KQ-KQ} ({Less strong is} 38. Qxc4 Qd1 $14) 38... Qd7 39. Qxg6 Qxa4 40. Qh5+ Kg8 41. Qd5+ Kh8 $2 (41... Kf8 42. h5 Qb3) 42. g5 {White is clearly winning.} Qe8 43. Kg3 fxg5 44. hxg5 g6 45. e4 Qe7 46. Kg4 Kh7 47. f4 {[%cal Bf2f4,Bf4f5,Bf5g6][%mdl 32]} Qc7 48. f5 b5 49. cxb5 {[%cal Bc4b5,Bb5b6][%mdl 32] Intending b6! and mate.} c4 50. fxg6+ Kg7 51. b6 Qc8+ 52. Qf5 {Precision: White = 91%, Black = 49%.} 1-0

[Event "Spring Chess Classic 2017-B"]
[Site "Saint Louis"]
[Date "2017.05.24"]
[Round "9"]
[White "Fier, Alexandr"]
[Black "Paikidze, Nazi"]
[Result "1/2-1/2"]
[WhiteElo "2569"]
[BlackElo "2372"]
[Annotator "TA"]
[PlyCount "223"]
[EventDate "2017.??.??"]
[EventType "tourn"]
[EventCountry "USA"]
[SourceTitle "playchess.com"]
[Source "ChessBase"]
[SourceQuality "1"]

{[%evp 18,223,-12,-14,15,-16,-14,-17,-14,-12,-21,-27,-31,-41,-31,-39,-41,-51,-37,-37,-37,-93,-53,-55,-49,-47,-38,-142,-132,-140,-139,-140,-140,-220,-224,-228,-233,-233,-225,-235,-218,-189,-4,-4,-4,0,0,0,0,0,0,0,0,0,0,0,0,0,18,18,18,18,20,8,20,20,20,21,25,20,24,23,31,8,8,8,8,8,8,8,8,8,8,8,8,8,8,8,8,8,8,8,8,8,14,8,23,8,23,16,31,23,38,31,38,38,53,8,8,8,8,8,8,8,8,8,8,8,8,8,8,8,8,8,8,8,61,52,52,8,8,8,8,8,8,8,8,8,8,8,8,8,8,8,8,8,52,52,27,8,8,8,8,8,8,8,8,8,8,8,8,8,8,8,8,8,8,7,8,0,0,0,8,8,8,8,8,0,8,0,0,0,8,0,0,0,0,0,0,0,0,0,0,0,0,0,0,0,0,0,0,0,0,0,0,0,0,0]} 1. c4 Nf6 2. Nc3 e6 3. e4 d5 4. e5 d4 5. exf6 dxc3 6. bxc3 Qxf6 7. Nf3 e5 8. d4 Nc6 {A18: English Opening: Flohr-Mikenas System (1 c4 Nf6 2 Nc3 e6 3 e4)} 9. Nxe5 (9. Bg5 Qg6 10. h4 h6 11. h5 Qf5 12. Be3 exd4 13. Nxd4 Nxd4 14. Qxd4 Be7 15. Bd3 {½-½ (57) Vachier Lagrave,M (2819)-Nakamura,H (2791) chess.com INT 2016}) 9... Nxe5 10. Qe2 $1 {LiveBook: 4 Games} Bf5 11. Bf4 $146 ({Predecessor:} 11. f4 O-O-O 12. fxe5 Qg6 13. Qe3 Re8 14. Be2 f6 15. O-O fxe5 16. dxe5 {1-0 (33) Ibarra Chami,L (2489)-Adamson,R (2287) Las Vegas 2013}) 11... O-O-O $1 12. Qxe5 Qxe5+ 13. Bxe5 c5 $1 14. Rd1 f6 15. Bf4 cxd4 16. Rxd4 Bc5 17. Rxd8+ Rxd8 18. Be2 Re8 $36 {[%mdl 3072] Black has compensation. Black has some pressure.} 19. Kf1 (19. Rf1 $15) 19... g5 20. Bc1 {[#]} h5 $1 {[%mdl 512]} 21. h3 (21. Bxh5 Bd3+) 21... h4 22. g4 (22. f4 $15) 22... Be4 23. Rh2 Re6 24. f3 {[#]} Rb6 $1 {[%cal Rb6b1]} 25. Kg2 (25. fxe4 $17 Rb1 26. Bd1 Rxc1 27. Rd2) 25... Rb1 $19 26. Rh1 Bc6 27. Rd1 {intending Bd3.} Ra1 28. Kf1 Rxa2 29. f4 Bg2+ $2 (29... Ba4 $19 30. Re1 Rc2 31. fxg5 fxg5 32. Bxg5 Rxc3) 30. Kxg2 $11 {Kf3 is the strong threat.} Rxe2+ {[%mdl 4096] Endgame KRB-KRB} 31. Kf3 Rh2 32. fxg5 fxg5 33. Bxg5 Rxh3+ 34. Ke4 Rxc3 35. Bf6 Rxc4+ 36. Kd5 Rxg4 {aiming for ...Bf2.} 37. Kxc5 {KRB-KR} h3 38. Rd8+ Kc7 {Hoping for ...Rf4.} 39. Rh8 b6+ 40. Kb5 Rg1 (40... a6+ $5 41. Kxa6 Kc6 42. Rc8+ Kd5 $11) 41. Rxh3 Rb1+ 42. Ka6 Kc6 43. Rh2 Rb5 {[%csl Gb6][%cal Rb5a5]} 44. Bc3 Rf5 45. Kxa7 Kc5 46. Ka6 Kc4 47. Be1 b5 48. Rh4+ Kd3 49. Bb4 Re5 50. Ka5 Rd5 51. Rh8 Ke4 52. Rc8 Kd4 53. Bc3+ Kd3 54. Kb4 Ke4 55. Re8+ Kd3 56. Bg7 Rd7 57. Bf8 Rb7 58. Bc5 Kd2 59. Re6 Kd3 60. Bb6 Rh7 61. Re3+ Kd2 62. Kxb5 Rh4 63. Ra3 Re4 64. Bc5 Kc2 65. Rf3 Rg4 66. Bb4 Re4 67. Kc5 Rh4 68. Bc3 Re4 69. Bd4 Re2 70. Kc4 Kd1 71. Ra3 Kc2 ({Better is} 71... Rd2 $11) 72. Be3 $1 $14 Kd1 73. Kd4 Rc2 74. Kd3 {White wants to mate with Ra1+.} Rd2+ $1 75. Ke4 Rc2 76. Kf3 {Threatening mate with Ra1+.} (76. Ra1+ {with more complications.} Ke2 77. Bd4 Rd2 78. Rb1 Ra2 79. Rb2+) 76... Rc8 77. Ra1+ Kc2 78. Ke2 {White threatens Rc1+ and mate.} Rd8 79. Ra5 Rc8 80. Bd4 Rc6 81. Rb5 Rc4 82. Ke3 Ra4 $1 83. Rb2+ Kc1 {The position is equal.} 84. Bc3 Rh4 85. Rd2 Rh3+ 86. Kd4 Rh4+ 87. Kd3 Rh3+ 88. Kc4 Rh7 89. Rg2 Kd1 90. Kb3 Rd7 91. Rh2 Rd8 92. Kc4 Rg8 93. Be5 Re8 94. Bd4 Re2 95. Rh3 Kc2 96. Ra3 Kd1 97. Be3 Rc2+ 98. Kd3 Rd2+ $1 99. Ke4 Rc2 100. Kf3 {Ra1+ would kill now.} Rc8 101. Ra2 {Intending Rd2+ and mate.} (101. Bc1 $5) 101... Rf8+ 102. Bf4 {Black must now prevent Rd2+.} Rd8 103. Bg5 (103. Bc1 $5) 103... Rd5 104. Be3 (104. Bc1 $5) 104... Rd8 105. Ke4 (105. Bc1 $5) 105... Rb8 106. Rd2+ (106. Bg1 {looks sharper.} Rd8 107. Ra1+ Ke2 108. Ke5 Re8+ 109. Kf6) 106... Ke1 107. Rh2 Kd1 108. Kf3 Rd8 109. Ke4 Ra8 110. Bc5 Rd8 111. Bd4 {Threatens to win with Kd3.} Ra8 112. Kd3 {Precision: White = 61%, Black = 67%.} (112. Ba1 $5) 1/2-1/2

[Event "Spring Chess Classic 2017-B"]
[Site "Saint Louis"]
[Date "2017.05.24"]
[Round "9"]
[White "Gelashvili, Tamaz"]
[Black "Abdumalik, Zhansaya"]
[Result "1-0"]
[WhiteElo "2563"]
[BlackElo "2420"]
[Annotator "TA"]
[PlyCount "73"]
[EventDate "2017.??.??"]
[EventType "tourn"]
[EventCountry "USA"]
[SourceTitle "playchess.com"]
[Source "ChessBase"]
[SourceQuality "1"]

{[%evp 9,73,21,30,13,32,25,23,9,52,46,39,29,57,64,60,62,79,35,43,45,63,26,53,39,89,43,87,104,118,116,131,110,138,108,113,129,94,38,35,43,43,39,22,33,65,37,75,72,328,327,360,237,301,312,867,816,29973,29974,29977,29977,29978,29979,29991,29986,29992,29987]} 1. Nf3 Nf6 2. e3 g6 3. b4 d5 4. Bb2 Bg7 5. c4 c6 6. a4 {A05: Réti Opening: 1 Nf3 Nf6} a5 7. b5 O-O 8. Be2 {White has an edge.} Bf5 9. O-O $146 ({Predecessor:} 9. Na3 Nbd7 10. Nd4 cxb5 11. Naxb5 dxc4 12. Nxf5 gxf5 13. Bxc4 {1-0 (62) Rotstein,A (2514)-Bezler,R (2253) Vaduz 2003}) 9... dxc4 10. Na3 Nd5 11. Bxg7 Kxg7 12. Nxc4 Nb4 13. d4 Nd7 14. bxc6 bxc6 15. Qd2 c5 16. Rfd1 Kg8 17. Rac1 Qb8 18. Ng5 {Hoping for e4.} cxd4 19. e4 {[%cal Be3e4,Be4f5][%mdl 32]} (19. exd4 $6 f6 $14) 19... d3 20. exf5 (20. Bxd3 $6 Nc5 $11) 20... dxe2 21. Qxe2 Qf4 22. Nh3 Qh6 (22... Qxf5 $2 23. g4 $18 (23. Qxe7 Nd5 $11)) 23. f4 (23. Qxe7 $16 Nd3 24. Rc3) 23... Nf6 $1 $14 24. fxg6 hxg6 25. Qxe7 Nfd5 26. Qe4 Rad8 {[#] Strongly threatening ...Nc3!} 27. Rd2 Qh5 28. Ng5 $36 {[%mdl 2048] Black is under strong pressure.} Rfe8 $2 {[%mdl 8192]} (28... Qg4 $16 {was worth a try.} 29. g3 (29. Nxa5 $2 Nxf4 30. Rcd1 Rxd2 $19) 29... Qc8) 29. Ne5 $18 Re7 30. Rcd1 Kg7 {With the idea ...Nc3.} 31. g4 (31. Rxd5 Nxd5 32. Rxd5 Rxd5 $16) 31... Qh4 $2 {[#]} (31... Qh6 32. Rxd5 Nxd5 33. Rxd5 Rxd5 34. Qxd5 Qh4) 32. Ngxf7 $1 ({Weaker is} 32. Rxd5 Rxd5 33. Rxd5 Nxd5 $11) 32... Nxf4 33. Qxf4 {White mates.} Rxd2 34. Rxd2 g5 35. Qe4 Nc6 36. Qg6+ Kf8 37. Rf2 {Precision: White = 67%, Black = 35%.} 1-0

[Event "Spring Chess Classic 2017-B"]
[Site "Saint Louis"]
[Date "2017.05.24"]
[Round "9"]
[White "Liang, Awonder"]
[Black "Chandra, Akshat"]
[Result "1/2-1/2"]
[WhiteElo "2488"]
[BlackElo "2495"]
[Annotator "TA"]
[PlyCount "61"]
[EventDate "2017.??.??"]
[EventType "tourn"]
[EventCountry "USA"]
[SourceTitle "playchess.com"]
[Source "ChessBase"]
[SourceQuality "1"]

{[%evp 12,61,14,4,13,-10,-5,-18,0,0,0,0,7,0,0,0,11,0,0,0,0,-33,0,-33,-33,-33,-33,-33,-18,-18,-18,-18,-18,-35,-25,-25,-6,-66,-57,-57,-6,-6,-6,-14,-14,-15,-15,-16,0,-24,0,-34]} 1. e4 e5 2. Nf3 Nc6 3. Bb5 Nf6 4. d3 Bc5 5. Bxc6 dxc6 6. Qe2 {C65: Ruy Lopez: Berlin Defence (3...Nf6), unusual lines and 4 0-0 Bc5} (6. O-O Nd7 7. c3 O-O 8. d4 Bd6 9. Bg5 f6 10. Qb3+ Kh8 11. Bh4 b6 12. Nbd2 Ba6 13. Rfe1 Qe7 14. dxe5 Nxe5 15. Nxe5 Qxe5 {1-0 (46) Eljanov,P (2751)-Radjabov,T (2710) Shamkir 2017}) 6... Qe7 7. Be3 {LiveBook: 3 Games} (7. Nbd2 {is interesting.} Nd7 8. Nc4 f6 9. Be3 a5 10. O-O) 7... Bxe3 8. fxe3 O-O $146 ({Predecessor:} 8... Bg4 9. Nc3 h6 10. h3 Bxf3 11. Qxf3 O-O-O 12. O-O-O Rd6 13. Rhf1 Rf8 {0-1 (47) Mladenov,S (2458)-Coenen,M (2251) Belgium 2010}) 9. Nc3 b5 {[%cal Bb7b5,Bb5b4][%mdl 32]} 10. O-O a5 11. a4 b4 12. Nd1 c5 13. b3 Ne8 14. Nb2 Nd6 15. Nd2 Be6 16. Nbc4 Bxc4 17. Nxc4 Nxc4 18. dxc4 Rad8 19. Rad1 Rxd1 20. Rxd1 Rd8 21. Rxd8+ Qxd8 $11 {[%mdl 4096] Endgame KQ-KQ} 22. g3 g6 23. Kg2 h5 24. h4 (24. Qd3 $11 Qd6 25. Qd5) 24... Kf8 25. Qd3 Qxd3 (25... Ke7 $15) 26. cxd3 $15 {KP-KP} Ke7 27. Kf3 Ke6 28. Kf2 Kd6 29. Kf3 Ke6 30. Kf2 Kd6 31. Kf3 {Precision: White = 57%, Black = 43%.} 1/2-1/2

[Event "Spring Chess Classic 2017-B"]
[Site "Saint Louis"]
[Date "2017.05.24"]
[Round "9"]
[White "Ali Marandi, Cemil Can"]
[Black "Belous, Vladimir"]
[Result "1-0"]
[WhiteElo "2479"]
[BlackElo "2587"]
[Annotator "TA"]
[PlyCount "79"]
[EventDate "2017.??.??"]
[EventType "tourn"]
[EventCountry "USA"]
[SourceTitle "playchess.com"]
[Source "ChessBase"]
[SourceQuality "1"]

{[%evp 12,79,45,45,51,53,68,64,82,77,118,76,145,54,58,24,23,13,23,0,40,0,0,-16,-6,-10,-12,-19,-15,-62,-18,-22,72,67,76,71,223,72,83,0,0,0,0,0,0,0,0,0,0,0,0,0,0,0,0,0,504,504,504,503,500,496,496,494,12845,12845,12845,12846,12846,12841]} 1. e4 c5 2. Nf3 Nc6 3. Bb5 g6 4. Bxc6 dxc6 5. d3 Bg7 6. h3 Nh6 {B31: Sicilian: 2...Nc6 3 Bb5 g6} 7. a4 {LiveBook: 5 Games} a5 $146 ({Predecessor:} 7... f6 8. Be3 Qd6 9. Nbd2 e5 10. Nc4 Qe7 11. Qd2 Nf7 12. Qa5 Bf8 13. Nfd2 Qd8 14. Qxd8+ Nxd8 {1-0 (54) Zhigalko,S (2679)-Alekseev,E (2673) Lublin 2011}) 8. Be3 Bxb2 {White is slightly better.} 9. Nbd2 Bg7 10. Rb1 ({Much weaker is} 10. Bxc5 $6 Bxa1 11. Qxa1 f6 $11) 10... b5 11. Qc1 c4 {[#]} (11... b4 $142) 12. Nxc4 $1 {[%mdl 512]} Ng4 $14 (12... bxc4 13. Bxh6) 13. hxg4 (13. Bb6 {feels hotter.} Qd7 14. axb5 cxb5 15. Na3 Ne5 16. Nxe5 Bxe5 17. Nxb5 O-O 18. Qe3) 13... bxc4 14. Bh6 Bc3+ 15. Bd2 Bf6 16. e5 (16. g5 $5 {[%cal Rg5f6]} Bg7 17. Bf4 $14 (17. dxc4 Qd6 $14)) 16... Bg7 17. Bh6 Bxh6 18. Qxh6 cxd3 19. Rd1 $1 {[%cal Rd1d3]} Qb6 20. cxd3 Qb4+ 21. Nd2 $1 {With the idea Qg7.} Ba6 {[#]} (21... Be6 $11 {remains equal.}) 22. O-O $1 $16 Bxd3 23. Rfe1 Qxa4 $2 (23... O-O-O $16 {was worth a try.} 24. Rc1 c5) 24. Qg7 $2 (24. e6 $18 {is more deadly.} f6 25. Qg7) 24... O-O-O 25. Rc1 (25. e6 $16) 25... Qf4 $11 {Threatens to win with ...Rhg8.} 26. e6 $1 Qxd2 27. Rxc6+ Kb7 28. Rec1 {Hoping for Qe5.} Bb5 29. Rc7+ Kb6 {...Qd4 is the strong threat.} 30. exf7 {Strongly threatening Qe5.} Qd4 31. Qh6 Rhf8 32. Rxe7 $40 {[%mdl 128] White has some attack.} a4 {And now ...Qd2 would win.} (32... Qd2 $5 33. Re6+ $8 Ka7 34. Re7+ Ka6 35. Re6+ Kb7 36. Re7+ Kb6 37. Re6+ Kb7 38. Re7+ Kb6 $11) 33. Qg5 Rd7 $2 {[%mdl 8192] [#]} (33... Bc6 $11 {and Black is okay.}) 34. Rxd7 $1 $18 {White is clearly winning.} Bxd7 35. Qe7 Rxf7 36. Qxf7 Bb5 37. Qxh7 Qxg4 (37... Qd6 $142 38. Qg8 Ka7) 38. Qc7+ Ka6 39. Qd6+ Ka5 40. Rc7 {Precision: White = 55%, Black = 44%.} 1-0